Normal view
MARC view
- العقود المسماه - البيع - عقود الايجار - قوانين وتشريعات - الاردن
Entry Topical Term
001 - CONTROL NUMBER
- control field: 12251
003 - CONTROL NUMBER IDENTIFIER
- control field: JO-AjAnu
005 - DATE AND TIME OF LATEST TRANSACTION
- control field: 20230606072250.0
008 - FIXED-LENGTH DATA ELEMENTS
- fixed length control field: 230606|| aca||aabn | a|a d
040 ## - CATALOGING SOURCE
- Original cataloging agency: JO-AjAnu
- Transcribing agency: JO-AjAnu
150 ## - HEADING--TOPICAL TERM
- Topical term or geographic name entry element: العقود المسماه - البيع - عقود الايجار - قوانين وتشريعات - الاردن
670 ## - SOURCE DATA FOUND
- Source citation: Work cat.: (JO-AjAnu)6310: العبيدي ، علي هادي , author 12250, العقود المسماة البيع والإيجار وقانون المالكين والمستاجرين وفق آخر التعديلات مع التطبيقات القضائية لمحكمة التمييز